Pays ayant participé à une Seule Coupe du Monde de Football - Statistiques

Statistiques générales
  • Ce quiz a été pris 236 fois
  • Le résultat moyen est 10 sur 21
Statistiques - réponses
Réponse % Correct
Qatar
78%
Panama
66%
Chine
63%
Islande
63%
Zaïre
54%
Togo
53%
Irak
51%
Bosnie-Herzégovine
46%
Koweït
46%
Angola
45%
Jamaïque
45%
Cuba
44%
Trinité-et-Tobago
44%
Haïti
41%
Slovaquie
41%
Ukraine
41%
Indes Orientales Néerlandaises
40%
Israël
40%
Emirats Arabes Unis
37%
Allemagne de l'Est
22%
République Tchèque
22%
Aucun quiz correspondant
Distribution des résultats
% des personnes avec chaque résultat
Percentile par nombre de réponses
Votre historique - résultats
Vous n’avez pas pris ce quiz